The presidents of India : (Record no. 129977)

MARC details
000 -LEADER
fixed length control field 00769nam a22002417a 4500
003 - CONTROL NUMBER IDENTIFIER
control field dpl
005 - DATE AND TIME OF LATEST TRANSACTION
control field 20180528153616.0
008 - FIXED-LENGTH DATA ELEMENTS--GENERAL INFORMATION
fixed length control field 180528b xxu||||| |||| 00| 0 eng d
010 ## - LIBRARY OF CONGRESS CONTROL NUMBER
LC control number A-945812
020 ## - INTERNATIONAL STANDARD BOOK NUMBER
Terms of availability 260.00
International Standard Book Number 8176460125
035 ## - SYSTEM CONTROL NUMBER
System control number A-945812, B-0945824
037 ## - SOURCE OF ACQUISITION
Source of stock number/acquisition Cen Lib/Ret
040 ## - CATALOGING SOURCE
Original cataloging agency DPL
Language of cataloging EN
Transcribing agency 0
082 ## - DEWEY DECIMAL CLASSIFICATION NUMBER
Classification number 920
Item number GOS
100 ## - MAIN ENTRY--PERSONAL NAME
Personal name Goswami, Prashanta
9 (RLIN) 27958
245 ## - TITLE STATEMENT
Title The presidents of India :
Statement of responsibility, etc by Prashanta Goswami
Remainder of title during 50 years /
260 ## - PUBLICATION, DISTRIBUTION, ETC. (IMPRINT)
Place of publication, distribution, etc Delhi
Name of publisher, distributor, etc B. R. Publishing House
Date of publication, distribution, etc 1998
270 ## - ADDRESS
Address A-6, Nimri Commercial Centre Near Bharat Nagar
City Delhi
Postal code 110052
300 ## - PHYSICAL DESCRIPTION
Extent vi,127p.
Dimensions 21cm(Hb)
650 ## - SUBJECT ADDED ENTRY--TOPICAL TERM
Topical term or geographic name as entry element Presidents -- India -- Biography
9 (RLIN) 27959
650 ## - SUBJECT ADDED ENTRY--TOPICAL TERM
Topical term or geographic name as entry element Presidents
9 (RLIN) 16189
942 ## - ADDED ENTRY ELEMENTS (KOHA)
Source of classification or shelving scheme Dewey Decimal Classification
Koha item type English Books
Classification part 920
Call number suffix GOS
Holdings
Withdrawn status Lost status Damaged status Not for loan Home library Current library Date acquired Source of acquisition Cost, normal purchase price Total Checkouts Full call number Barcode Date last seen Copy number Cost, replacement price Price effective from Koha item type Collection code Source of classification or shelving scheme
        Central Library Central Library 08/07/2015 Cen Lib/Ret 0.00   920 GOS A-945812 08/07/2015 1 0.00 08/07/2015 English Books    
      Not For Loan Central Library Central Library 28/07/2015 Cen Lib/Ret 260.00   920 GOS A-945813 28/07/2015 2 260.00 28/07/2015 English Books Reference  
        Shahdara Branch Shahdara Branch 28/05/2018 BPPD/PUB 260.00   920 GOS A-945824 28/05/2018   260.00 28/05/2018 English Books Non-fiction Dewey Decimal Classification

© Delhi Public Library
Hit Counter
free hit counter